| 000 | 00986nas a2200349 4500 | ||
|---|---|---|---|
| 001 | BR7600767 | ||
| 003 | BR-BrBNA | ||
| 005 | 20231205082912.0 | ||
| 007 | ta | ||
| 008 | 230509b bl.|||p| |||| 00| 00por d | ||
| 040 |
_aBR-BrBNA _bpor _cBiblioteca Nacional de Agricultura |
||
| 041 | _a(Pt) | ||
| 072 | _aQ10; Q30 | ||
| 100 | 1 | _aJordao, B.A. | |
| 100 | 1 | _aStolf, S.R. | |
| 100 | 1 | _aBar, W.H. | |
| 100 | 1 | _aAntunes, A.J. | |
| 100 | 1 | _aAngelucci, E. | |
| 100 | 1 | _aGarrutti, R.S. | |
| 100 | 1 | _aTosello, Y. | |
| 100 | 1 | _aMedina, J.C. | |
| 245 | 1 | _aArmazenamento de feijao, acucar e farinha de trigo em sacos de juta, algodao e polietileno | |
| 650 | _aEMBALAGEM | ||
| 650 | _aARMAZENAMENTO | ||
| 650 | _aFEIJAO | ||
| 650 | _aACUCAR | ||
| 650 | _aFARINHA | ||
| 650 | _aTRIGO | ||
| 773 | 0 |
_tColetanea do Instituto de Tecnologia de Alimentos (Brazil) _x _g(1975), v. 6(pt. 2) p. 491-511 _wBR7600767 |
|
| 909 |
_a202311 _bLúcia _c55 _dLúcia Elande |
||
| 942 |
_2AGRIS _n0 _cANA |
||
| 999 |
_c94977 _d94977 |
||